02808nam a2200301 i 450000100060000000300090000600500170001500700030003200800410003501700170007602000150009304000220010808000390013010000240016924500780019325000120027126000760028330000300035949000230038950017270041250400320213960000400217165500170221171000520222883000230228085200440230385201590234718230ES-MaACL20250825062716.0t|010813s1999 sp ||||0| spa j aM 48751-1999 a8481913219 aM-BN bspa cM-BN a929 Ríos Urruti, Fernando de los1 aZapatero, Virgilio.10aFernando de los Ríos b: biografía intelectual / cVirgilio Zapatero. a1ª ed. aValencia : bPre-Textos ; aGranada : bDiputación de Granada,c1999. a514 p. : bil. ; c25 cm.1 aPre-textos ; v458 a“Es esta una biografía de Fernando de los Ríos. Tal vez algún lector que se haya animado a abrir esta primera página se pregunte quién fue Fernando de los Ríos. Es lo mismo que hace ya caso treinta años pregunté yo a Elías Díaz cuando me aconsejó hacer mi tesis doctoral sobre el pensamiento de aquél. La trágica historia de España, con su guerra civil y la posterior dictadura, explica en buena parte el porqué de la pregunta. Y este trabajo es un intento de dar una respuesta que ayude a llenar esta laguna en nuestra memoria colectiva. Se trata de una biografía fundamentalmente intelectual, porque eso es lo que fundamentalmente fue el personaje. Había nacido, dice Francisco Ayala, para ser, y lo fue, básicamente un intelectual: profesor de la Universidad de Granada, de la Central de Madrid, de la que fue rector, de la New School, profesor visitante y lector en las universidades de Londres, Cambridge, Oxford, Sorbona, Columbia, California, La Habana, Puerto Rico, México, Michoacán, Panamá, Bogotá, Quito, Cuzco, La Paz, Sucre, Santiago de Chile, Montevideo o Caracas. La misma relación de universidades en las que enseñó pone de relieve ese espíritu viajero, inquieto, curioso que caracterizó a los hombres de su generación y que, en este caso, hizo de este español un buen europeo y un mejor ciudadano del mundo. Pero también es la biografía de un político; uno de los padres de la República en cuyos Gobiernos desempeñó las carteras de Justicia, Instrucción Pública y Estado a la que sirvió más tarde como Embajador en EE.UU. ante la administración Roosevelt y como ministro del Gobierno en el exilio…”. Virgilio Zapatero. aBibliografía: p. 489-504.14aRíos, Fernando de los,d1879-1949 0aBiografías1 aGranada (Provincia). bDiputación Provincial.0 aPre-textos ; v458 aES-MaACLjL-24903/Ej.1bR.129985cDEPO2 aES-MaACLjN-9639bR.154880cDEPOJhDonación: Virgilio ZapateroxEncuadernación rústica con solapas (incluye faja)gDedicatoria autógrafa del autor